00666 2200241 4500001002100000005001500021035002000036245010000056100002000156250000600176300003500182700002300217260004700240082001000287084001600297020001800313650000800331990001700339990001700356990001700373990001700390990001700407INLIS00000000000062220190119110054 a0010-01190000781 aSeri Kesehatan :bMengenal Teh dan Kesehatan /cTanti Setiawati; Penyunting, Ayatullah K.S.S.Pd0 aTanti Setiawati a- aiv, 52 hlm. :bilus. ;c21 cm.0 aAyatullah K.S.S.Pd aJakarta :bCV Karya Mandiri Pratama,c2007 a633.7 a633.7 TAN s a979-004-027-X aTeh a02299/P/2018 a02300/P/2018 a02301/P/2018 a02302/P/2018 a02303/P/2018